=LDR 00000nam 2200000 4500 =001 INLIS000000000033508 =005 20130612135446 =008 ***********************************ind** =035 ##$$0010-061300000033508 =041 ##$$a ind =082 ##$$a 610.73 =090 ##$$a 610.73, Mut b =100 ##$$a MUTTAQIN, Arif =245 ##$$a Buku Ajar Keperawatan Klien Dengan Gangguan Sistem Pernapasan / Arif Muttaqin =260 ##$$a 2008 $b Jakarta =300 ##$$a viii, 283 hlm, ilus, 26 cm =650 ##$$a Keperawatan =850 ##$$a NBPNMAT